000 00365nam a2200145Ia 4500
005 20250320221433.0
008 240331s9999 xx 000 0 und d
082 _bPAC
_a894
100 _aPaachiyappan, R
245 0 _aParathiyin puthuchcheri vaalkai
260 _aChennai
_bPonni
_c2004
300 _a80 p .,
500 _aA story of harathiyer Valkai
942 _cL
999 _c4100
_d4100